Vysokozdvižná plošina ako nadstavba pre Polaris Ranger 6x6

Saved in:
Bibliographic Details
Main Author: Smolík, Michal (Author)
Other Authors: Bucha, Jozef (Thesis advisor)
Format: Manuscript Book
Language:Slovak
Published: 2016
Subjects:
Online Access:http://is.stuba.sk/zp/portal_zp.pl?podrobnosti=133400
Tags: Add Tag
No Tags, Be the first to tag this record!

MARC

LEADER 00000ntm a22000003a 4500
001 stuzp58881
003 SK-STU
005 20160719155707.9
007 ta
008 150427s2015----xo-----f-mn---000-0-slo-d
040 |a STU  |b slo 
041 0 |a slo 
100 1 |a Smolík, Michal  |u 020030  |k Z4  |4 aut  |U SjF Strojnícka fakulta  |T SjF Ústav dopravnej techniky a konštruovania  |X 44396  |U J0030  |Y 806  |7 A000044396 
242 0 1 |a Forklift platform as a superstructure for Polaris Ranger 6x6  |y eng 
245 1 0 |a Vysokozdvižná plošina ako nadstavba pre Polaris Ranger 6x6 
260 |c 2016 
650 4 |a Ranger 6x6  |2 slo 
650 4 |a vysokozdvižná plošina  |2 slo 
650 4 |a oporný systém  |2 slo 
650 4 |a kôš vysokozdvižnej plošiny  |2 slo 
650 4 |a Polaris  |2 slo 
650 4 |a nožnicový mechanizmus  |2 slo 
650 4 |a support system  |2 eng 
650 4 |a Polaris  |2 eng 
650 4 |a Ranger 6x6  |2 eng 
650 4 |a scissor mechanism  |2 eng 
650 4 |a forklift  |2 eng 
650 4 |a forklift bin  |2 eng 
700 1 |a Bucha, Jozef  |u 020030  |k Z1  |4 ths  |U SjF Strojnícka fakulta  |T SjF Ústav dopravnej techniky a konštruovania  |X 70878  |U J0030  |Y 806  |7 A000070878 
856 4 |u http://is.stuba.sk/zp/portal_zp.pl?podrobnosti=133400 
996 |b 284J044955  |c J* 2585/DP  |l JJSK  |s A  |a 24  |w stuzp58881_0001 
SQL |a stuzp58881  |b DDP  |c SLO  |d Vysokozdvižná plošina ako nadstavba pre Polaris Ranger 6x6  |e 44396  |f Smolík, Michal  |g 020030  |h 70878  |i Bucha, Jozef  |j 20160616  |k 1305  |l 02  |m http://is.stuba.sk/zp/portal_zp.pl?podrobnosti=133400  |n I-AMPS  |o 5.2.3. dopravné stroje a zariadenia